| 000 | 00558 a2200193 4500 | ||
|---|---|---|---|
| 001 | 068278 | ||
| 003 | OSt | ||
| 005 | 20220215165321.0 | ||
| 008 | |||
| 082 |
_a515.352 _bM84N |
||
| 100 | 1 | _aMorton, K.W. | |
| 245 | 1 |
_aNumerical solution of partial differential equations _cby K.W. Morton and D.F. Mayers |
|
| 250 | _a2nd ed. | ||
| 260 |
_aNew Delhi _bCambridge University Press _c2009 |
||
| 300 | _a278p. | ||
| 653 | _aDifferential equations, Partial--Numerical solutions | ||
| 700 | _aMayers, D.F. | ||
| 942 |
_2ddc _cBK |
||
| 999 |
_c1979 _d1979 |
||